| 000 | 00000nam##2200000za#4500 |
| 001 | 9.530803 |
| 003 | CaOODSP |
| 005 | 20200401034320 |
| 007 | ta |
| 008 | 150406|1998||||xxc||||| f|0| 0 fre|d |
| 020 | |a0-662-63628-7 |
| 040 | |aCaOODSP|bfre |
| 041 | |aeng |
| 041 | |afre |
| 043 | |an-cn--- |
| 086 | 1 |aC21-24/25-1998 |
| 110 | 1 |aCanada.|bIndustrie Canada. |bDirection de l'analyse micro-économique. |
| 245 | 14|aUne évaluation structuraliste des politiques technologiques : |bpertinence du modèle schumptétérien / |cpar Richard G. Lipsey et Kenneth Carlaw. |
| 260 | |aOttawa - Ontario : |bIndustrie Canada. |c1998. |
| 300 | |aTexte français, ii, 149p. : |c28 cm. |
| 490 | 1 |aDocuments de travail|v25 |
| 500 | |a«Dans cette monographie, nous évaluons un échantillon de politiques gouvernementales visant à influer sur le changement technologique. La politique publique peut viser à accélérer ou à retarder le changement technologique, en ayant recours à des stimulants ou à des mesures de désincitation qui sont soit d'application générale soit ciblées de façon étroite. La politique peut également viser à exercer son influence indirectement en modifiant des variables structurelles telles que la concentration d'une industrie, le niveau de l'investissement étranger, l'emplacement des entreprises et le système d'enseignement.»--Sommaire. N.B.: Le numéro de catalogue (C21-24/26-1998) imprimé dans cette publication est incorrect. |
| 504 | |aBibliographie. |
| 520 | 3 |aDans cette monographie, nous évaluons un échantillon de politiques gouvernementales visant à influer sur le changement technologique. La politique publique peut viser à accélérer ou à retarder le changement technologique, en ayant recours à des stimulants ou à des mesures de désincitation qui sont soit d'application générale soit ciblées de façon étroite. La politique peut également viser à exercer son influence indirectement en modifiant des variables structurelles telles que la concentration d'une industrie, le niveau de l'investissement étranger, l'emplacement des entreprises et le système d'enseignement.--Sommaire |
| 546 | |aBilingue |
| 563 | |aCouverture souple |
| 590 | |a99-19|b1999-05-14 |
| 691 | 07|aInnovation technologique|2gcpds |
| 691 | 07|aPolitique gouvernementale|2gcpds |
| 720 | 1 |aLipsey, Richard G. |
| 720 | 1 |aCarlaw, Kenneth |
| 776 | 0#|tA structuralist assessment of technology policies : |w(CaOODSP)9.570592 |
| 776 | 0#|tUne évaluation structuraliste des politiques technologiques : |w(CaOODSP)9.601240 |
| 791 | |tA structuralist assessment of technology policies : |eeng|w(CaOODSP)9.530802 |
| 830 | #0|aDocuments de travail ;|v25|w(CaOODSP)9.509053 |